000 01000nam a2200265 i 4500
001 143372
003 ES-MaACL
005 20250828023907.0
007 t|
008 140915s2007 sp r ||||1| spa d
020 _a978-84-8491-846-2
080 _a504:37.03
080 _a37.03
100 1 _aVelázquez de Castro González, Federico,
_d1949-
_9155482
245 1 4 _aLos valores revolucionarios de la educación ambiental /
_cFederico Velázquez de Castro González.
260 _a[Granada] :
_bGrupo Editorial Universitario,
_c[2007]
300 _a182 p. :
_bil. ;
_c24 cm.
504 _aBibliografía: p. [177]-182.
650 0 7 _aDerecho ambiental
_2embne
_911652
650 0 7 _aEducación en valores
_2embne
_912101
852 _aES-MaACL
_jA-13244
_9148549
_bR.150106
_cDEPO1
_dOlim: N-6244
_hDonación: Federico Velázquez de Castro González
903 _aVelázquez de Castro González, Federico,
_d1949-
_ednr
_9155482
942 _2udc
_cMONOGRAFIA
999 _c143372
_d143372